Бърза математика - удвоете това число! - Statistics

General Stats
  • This quiz has been taken 105 times
  • The average score is 10 of 20
Answer Stats
номер двойно % Correct
500 1000
100%
502 1004
100%
503 1006
100%
506 1012
100%
517 1034
100%
519 1038
100%
521 1042
100%
523 1046
100%
526 1052
100%
530 1060
100%
537 1074
100%
539 1078
100%
54 108
100%
545 1090
100%
550 1100
100%
553 1106
100%
554 1108
100%
558 1116
100%
560 1120
100%
569 1138
100%
57 114
100%
570 1140
100%
571 1142
100%
572 1144
100%
581 1162
100%
582 1164
100%
584 1168
100%
586 1172
100%
591 1182
100%
595 1190
100%
596 1192
100%
597 1194
100%
608 1216
100%
611 1222
100%
613 1226
100%
618 1236
100%
621 1242
100%
625 1250
100%
63 126
100%
632 1264
100%
65 130
100%
652 1304
100%
660 1320
100%
667 1334
100%
67 134
100%
681 1362
100%
682 1364
100%
684 1368
100%
688 1376
100%
690 1380
100%
691 1382
100%
695 1390
100%
7 14
100%
70 140
100%
701 1402
100%
702 1404
100%
706 1412
100%
710 1420
100%
711 1422
100%
722 1444
100%
724 1448
100%
725 1450
100%
727 1454
100%
73 146
100%
730 1460
100%
731 1462
100%
74 148
100%
742 1484
100%
750 1500
100%
754 1508
100%
76 152
100%
769 1538
100%
775 1550
100%
776 1552
100%
779 1558
100%
782 1564
100%
798 1596
100%
801 1602
100%
81 162
100%
813 1626
100%
815 1630
100%
817 1634
100%
826 1652
100%
840 1680
100%
843 1686
100%
844 1688
100%
845 1690
100%
852 1704
100%
860 1720
100%
864 1728
100%
872 1744
100%
880 1760
100%
885 1770
100%
888 1776
100%
895 1790
100%
901 1802
100%
903 1806
100%
904 1808
100%
907 1814
100%
913 1826
100%
914 1828
100%
920 1840
100%
925 1850
100%
926 1852
100%
929 1858
100%
930 1860
100%
931 1862
100%
937 1874
100%
938 1876
100%
94 188
100%
940 1880
100%
948 1896
100%
950 1900
100%
953 1906
100%
955 1910
100%
956 1912
100%
96 192
100%
963 1926
100%
969 1938
100%
970 1940
100%
975 1950
100%
980 1960
100%
102 204
100%
103 206
100%
104 208
100%
105 210
100%
108 216
100%
110 220
100%
111 222
100%
113 226
100%
115 230
100%
117 234
100%
118 236
100%
122 244
100%
124 248
100%
126 252
100%
127 254
100%
128 256
100%
129 258
100%
13 26
100%
130 260
100%
133 266
100%
134 268
100%
135 270
100%
136 272
100%
138 276
100%
149 298
100%
15 30
100%
153 306
100%
154 308
100%
155 310
100%
156 312
100%
157 314
100%
16 32
100%
160 320
100%
170 340
100%
172 344
100%
173 346
100%
181 362
100%
184 368
100%
191 382
100%
196 392
100%
197 394
100%
199 398
100%
200 400
100%
201 402
100%
203 406
100%
213 426
100%
218 436
100%
221 442
100%
224 448
100%
226 452
100%
228 456
100%
229 458
100%
23 46
100%
230 460
100%
237 474
100%
239 478
100%
249 498
100%
25 50
100%
253 506
100%
26 52
100%
273 546
100%
275 550
100%
285 570
100%
287 574
100%
291 582
100%
293 586
100%
294 588
100%
295 590
100%
297 594
100%
30 60
100%
300 600
100%
302 604
100%
305 610
100%
307 614
100%
308 616
100%
309 618
100%
315 630
100%
318 636
100%
32 64
100%
321 642
100%
333 666
100%
338 676
100%
34 68
100%
342 684
100%
355 710
100%
356 712
100%
357 714
100%
360 720
100%
362 724
100%
363 726
100%
364 728
100%
376 752
100%
377 754
100%
38 76
100%
380 760
100%
382 764
100%
389 778
100%
394 788
100%
395 790
100%
400 800
100%
410 820
100%
412 824
100%
415 830
100%
426 852
100%
429 858
100%
430 860
100%
432 864
100%
436 872
100%
440 880
100%
442 884
100%
451 902
100%
453 906
100%
469 938
100%
475 950
100%
482 964
100%
484 968
100%
490 980
100%
494 988
100%
498 996
100%
509 1018
75%
590 1180
75%
707 1414
75%
116 232
75%
207 414
75%
231 462
75%
35 70
75%
658 1316
67%
674 1348
67%
69 138
67%
72 144
67%
737 1474
67%
772 1544
67%
805 1610
67%
833 1666
67%
848 1696
67%
911 1822
67%
933 1866
67%
944 1888
67%
143 286
67%
24 48
67%
257 514
67%
290 580
67%
361 722
67%
372 744
67%
385 770
67%
438 876
67%
49 98
67%
631 1262
60%
414 828
60%
504 1008
50%
51 102
50%
518 1036
50%
520 1040
50%
525 1050
50%
527 1054
50%
532 1064
50%
55 110
50%
556 1112
50%
576 1152
50%
579 1158
50%
59 118
50%
594 1188
50%
599 1198
50%
603 1206
50%
606 1212
50%
607 1214
50%
609 1218
50%
619 1238
50%
622 1244
50%
634 1268
50%
635 1270
50%
636 1272
50%
644 1288
50%
656 1312
50%
671 1342
50%
673 1346
50%
712 1424
50%
715 1430
50%
717 1434
50%
732 1464
50%
751 1502
50%
767 1534
50%
780 1560
50%
786 1572
50%
822 1644
50%
823 1646
50%
831 1662
50%
832 1664
50%
851 1702
50%
858 1716
50%
869 1738
50%
873 1746
50%
881 1762
50%
884 1768
50%
891 1782
50%
892 1784
50%
91 182
50%
919 1838
50%
935 1870
50%
947 1894
50%
97 194
50%
971 1942
50%
977 1954
50%
12 24
50%
142 284
50%
165 330
50%
180 360
50%
192 384
50%
202 404
50%
206 412
50%
212 424
50%
216 432
50%
244 488
50%
251 502
50%
258 516
50%
264 528
50%
267 534
50%
270 540
50%
271 542
50%
276 552
50%
281 562
50%
31 62
50%
317 634
50%
329 658
50%
335 670
50%
340 680
50%
343 686
50%
354 708
50%
36 72
50%
371 742
50%
373 746
50%
379 758
50%
391 782
50%
406 812
50%
455 910
50%
460 920
50%
464 928
50%
480 960
50%
487 974
50%
499 998
50%
109 218
40%
439 878
40%
534 1068
33%
628 1256
33%
747 1494
33%
810 1620
33%
853 1706
33%
894 1788
33%
897 1794
33%
928 1856
33%
932 1864
33%
991 1982
33%
193 386
33%
243 486
33%
252 504
33%
280 560
33%
366 732
33%
381 762
33%
403 806
33%
425 850
33%
431 862
33%
623 1246
25%
194 388
25%
246 492
25%
994 1988
20%
5 10
0%
50 100
0%
501 1002
0%
505 1010
0%
507 1014
0%
508 1016
0%
510 1020
0%
511 1022
0%
512 1024
0%
513 1026
0%
514 1028
0%
515 1030
0%
516 1032
0%
52 104
0%
522 1044
0%
524 1048
0%
528 1056
0%
529 1058
0%
53 106
0%
531 1062
0%
533 1066
0%
535 1070
0%
536 1072
0%
538 1076
0%
540 1080
0%
541 1082
0%
542 1084
0%
543 1086
0%
544 1088
0%
546 1092
0%
547 1094
0%
548 1096
0%
549 1098
0%
551 1102
0%
552 1104
0%
555 1110
0%
557 1114
0%
559 1118
0%
56 112
0%
561 1122
0%
562 1124
0%
563 1126
0%
564 1128
0%
565 1130
0%
566 1132
0%
567 1134
0%
568 1136
0%
573 1146
0%
574 1148
0%
575 1150
0%
577 1154
0%
578 1156
0%
58 116
0%
580 1160
0%
583 1166
0%
585 1170
0%
587 1174
0%
588 1176
0%
589 1178
0%
592 1184
0%
593 1186
0%
598 1196
0%
6 12
0%
60 120
0%
600 1200
0%
601 1202
0%
602 1204
0%
604 1208
0%
605 1210
0%
61 122
0%
610 1220
0%
612 1224
0%
614 1228
0%
615 1230
0%
616 1232
0%
617 1234
0%
62 124
0%
620 1240
0%
624 1248
0%
626 1252
0%
627 1254
0%
629 1258
0%
630 1260
0%
633 1266
0%
637 1274
0%
638 1276
0%
639 1278
0%
64 128
0%
640 1280
0%
641 1282
0%
642 1284
0%
643 1286
0%
645 1290
0%
646 1292
0%
647 1294
0%
648 1296
0%
649 1298
0%
650 1300
0%
651 1302
0%
653 1306
0%
654 1308
0%
655 1310
0%
657 1314
0%
659 1318
0%
66 132
0%
661 1322
0%
662 1324
0%
663 1326
0%
664 1328
0%
665 1330
0%
666 1332
0%
668 1336
0%
669 1338
0%
670 1340
0%
672 1344
0%
675 1350
0%
676 1352
0%
677 1354
0%
678 1356
0%
679 1358
0%
68 136
0%
680 1360
0%
683 1366
0%
685 1370
0%
686 1372
0%
687 1374
0%
689 1378
0%
692 1384
0%
693 1386
0%
694 1388
0%
696 1392
0%
697 1394
0%
698 1396
0%
699 1398
0%
700 1400
0%
703 1406
0%
704 1408
0%
705 1410
0%
708 1416
0%
709 1418
0%
71 142
0%
713 1426
0%
714 1428
0%
716 1432
0%
718 1436
0%
719 1438
0%
720 1440
0%
721 1442
0%
723 1446
0%
726 1452
0%
728 1456
0%
729 1458
0%
733 1466
0%
734 1468
0%
735 1470
0%
736 1472
0%
738 1476
0%
739 1478
0%
740 1480
0%
741 1482
0%
743 1486
0%
744 1488
0%
745 1490
0%
746 1492
0%
748 1496
0%
749 1498
0%
75 150
0%
752 1504
0%
753 1506
0%
755 1510
0%
756 1512
0%
757 1514
0%
758 1516
0%
759 1518
0%
760 1520
0%
761 1522
0%
762 1524
0%
763 1526
0%
764 1528
0%
765 1530
0%
766 1532
0%
768 1536
0%
77 154
0%
770 1540
0%
771 1542
0%
773 1546
0%
774 1548
0%
777 1554
0%
778 1556
0%
78 156
0%
781 1562
0%
783 1566
0%
784 1568
0%
785 1570
0%
787 1574
0%
788 1576
0%
789 1578
0%
79 158
0%
790 1580
0%
791 1582
0%
792 1584
0%
793 1586
0%
794 1588
0%
795 1590
0%
796 1592
0%
797 1594
0%
799 1598
0%
8 16
0%
80 160
0%
800 1600
0%
802 1604
0%
803 1606
0%
804 1608
0%
806 1612
0%
807 1614
0%
808 1616
0%
809 1618
0%
811 1622
0%
812 1624
0%
814 1628
0%
816 1632
0%
818 1636
0%
819 1638
0%
82 164
0%
820 1640
0%
821 1642
0%
824 1648
0%
825 1650
0%
827 1654
0%
828 1656
0%
829 1658
0%
83 166
0%
830 1660
0%
834 1668
0%
835 1670
0%
836 1672
0%
837 1674
0%
838 1676
0%
839 1678
0%
84 168
0%
841 1682
0%
842 1684
0%
846 1692
0%
847 1694
0%
849 1698
0%
85 170
0%
850 1700
0%
854 1708
0%
855 1710
0%
856 1712
0%
857 1714
0%
859 1718
0%
86 172
0%
861 1722
0%
862 1724
0%
863 1726
0%
865 1730
0%
866 1732
0%
867 1734
0%
868 1736
0%
87 174
0%
870 1740
0%
871 1742
0%
874 1748
0%
875 1750
0%
876 1752
0%
877 1754
0%
878 1756
0%
879 1758
0%
88 176
0%
882 1764
0%
883 1766
0%
886 1772
0%
887 1774
0%
889 1778
0%
89 178
0%
890 1780
0%
893 1786
0%
896 1792
0%
898 1796
0%
899 1798
0%
9 18
0%
90 180
0%
900 1800
0%
902 1804
0%
905 1810
0%
906 1812
0%
908 1816
0%
909 1818
0%
910 1820
0%
912 1824
0%
915 1830
0%
916 1832
0%
917 1834
0%
918 1836
0%
92 184
0%
921 1842
0%
922 1844
0%
923 1846
0%
924 1848
0%
927 1854
0%
93 186
0%
934 1868
0%
936 1872
0%
939 1878
0%
941 1882
0%
942 1884
0%
943 1886
0%
945 1890
0%
946 1892
0%
949 1898
0%
95 190
0%
951 1902
0%
952 1904
0%
954 1908
0%
957 1914
0%
958 1916
0%
959 1918
0%
960 1920
0%
961 1922
0%
962 1924
0%
964 1928
0%
965 1930
0%
966 1932
0%
967 1934
0%
968 1936
0%
972 1944
0%
973 1946
0%
974 1948
0%
976 1952
0%
978 1956
0%
979 1958
0%
98 196
0%
981 1962
0%
982 1964
0%
983 1966
0%
984 1968
0%
985 1970
0%
986 1972
0%
987 1974
0%
988 1976
0%
989 1978
0%
99 198
0%
990 1980
0%
992 1984
0%
993 1986
0%
10 20
0%
100 200
0%
101 202
0%
106 212
0%
107 214
0%
11 22
0%
112 224
0%
114 228
0%
119 238
0%
120 240
0%
121 242
0%
123 246
0%
125 250
0%
131 262
0%
132 264
0%
137 274
0%
139 278
0%
14 28
0%
140 280
0%
141 282
0%
144 288
0%
145 290
0%
146 292
0%
147 294
0%
148 296
0%
150 300
0%
151 302
0%
152 304
0%
158 316
0%
159 318
0%
161 322
0%
162 324
0%
163 326
0%
164 328
0%
166 332
0%
167 334
0%
168 336
0%
169 338
0%
17 34
0%
171 342
0%
174 348
0%
175 350
0%
176 352
0%
177 354
0%
178 356
0%
179 358
0%
18 36
0%
182 364
0%
183 366
0%
185 370
0%
186 372
0%
187 374
0%
188 376
0%
189 378
0%
19 38
0%
190 380
0%
195 390
0%
198 396
0%
20 40
0%
204 408
0%
205 410
0%
208 416
0%
209 418
0%
21 42
0%
210 420
0%
211 422
0%
214 428
0%
215 430
0%
217 434
0%
219 438
0%
22 44
0%
220 440
0%
222 444
0%
223 446
0%
225 450
0%
227 454
0%
232 464
0%
233 466
0%
234 468
0%
235 470
0%
236 472
0%
238 476
0%
240 480
0%
241 482
0%
242 484
0%
245 490
0%
247 494
0%
248 496
0%
250 500
0%
254 508
0%
255 510
0%
256 512
0%
259 518
0%
260 520
0%
261 522
0%
262 524
0%
263 526
0%
265 530
0%
266 532
0%
268 536
0%
269 538
0%
27 54
0%
272 544
0%
274 548
0%
277 554
0%
278 556
0%
279 558
0%
28 56
0%
282 564
0%
283 566
0%
284 568
0%
286 572
0%
288 576
0%
289 578
0%
29 58
0%
292 584
0%
296 592
0%
298 596
0%
299 598
0%
301 602
0%
303 606
0%
304 608
0%
306 612
0%
310 620
0%
311 622
0%
312 624
0%
313 626
0%
314 628
0%
316 632
0%
319 638
0%
320 640
0%
322 644
0%
323 646
0%
324 648
0%
325 650
0%
326 652
0%
327 654
0%
328 656
0%
33 66
0%
330 660
0%
331 662
0%
332 664
0%
334 668
0%
336 672
0%
337 674
0%
339 678
0%
341 682
0%
344 688
0%
345 690
0%
346 692
0%
347 694
0%
348 696
0%
349 698
0%
350 700
0%
351 702
0%
352 704
0%
353 706
0%
358 716
0%
359 718
0%
365 730
0%
367 734
0%
368 736
0%
369 738
0%
37 74
0%
370 740
0%
374 748
0%
375 750
0%
378 756
0%
383 766
0%
384 768
0%
386 772
0%
387 774
0%
388 776
0%
39 78
0%
390 780
0%
392 784
0%
393 786
0%
396 792
0%
397 794
0%
398 796
0%
399 798
0%
40 80
0%
401 802
0%
402 804
0%
404 808
0%
405 810
0%
407 814
0%
408 816
0%
409 818
0%
41 82
0%
411 822
0%
413 826
0%
416 832
0%
417 834
0%
418 836
0%
419 838
0%
42 84
0%
420 840
0%
421 842
0%
422 844
0%
423 846
0%
424 848
0%
427 854
0%
428 856
0%
43 86
0%
433 866
0%
434 868
0%
435 870
0%
437 874
0%
44 88
0%
441 882
0%
443 886
0%
444 888
0%
445 890
0%
446 892
0%
447 894
0%
448 896
0%
449 898
0%
45 90
0%
450 900
0%
452 904
0%
454 908
0%
456 912
0%
457 914
0%
458 916
0%
459 918
0%
46 92
0%
461 922
0%
462 924
0%
463 926
0%
465 930
0%
466 932
0%
467 934
0%
468 936
0%
47 94
0%
470 940
0%
471 942
0%
472 944
0%
473 946
0%
474 948
0%
476 952
0%
477 954
0%
478 956
0%
479 958
0%
48 96
0%
481 962
0%
483 966
0%
485 970
0%
486 972
0%
488 976
0%
489 978
0%
491 982
0%
492 984
0%
493 986
0%
495 990
0%
496 992
0%
497 994
0%
No matching quizzes found
Score Distribution
Percent of People with Each Score
Percentile by Number Answered
Your Score History
You have not taken this quiz